|
|
|
|
| LEADER |
00000cam a2200000 7i4500 |
| 001 |
0000003809 |
| 005 |
20110706.0 |
| 020 |
0 |
0 |
|a 9781402067860
|
| 090 |
0 |
0 |
|a 634.92
|b ANN 2008
|
| 100 |
0 |
1 |
|a Kangas, Annika
|
| 245 |
1 |
0 |
|a Decision support for forest management
|c Annika Kangas, Jyrki Kangas & Mikko Kurttila
|
| 260 |
0 |
0 |
|a Finland :
|b Springer ,
|c 2008
|
| 300 |
|
|
|a xii, 222 p. :
|b ill. ;
|c 25 cm.
|
| 490 |
0 |
0 |
|a Managing forest ecosystems : v16
|
| 500 |
0 |
0 |
|a Includes bibliographical references and index
|
| 650 |
0 |
0 |
|a Forest management
|
| 700 |
0 |
1 |
|a Kangas, Jyrki
|
| 700 |
0 |
1 |
|a Kurttila, Mikko
|
| 998 |
|
|
|a JPSM
|
| 999 |
|
|
|a 007415
|b Monograph
|c Open Shelf
|e Default branch
|